[Event "KEN-ch"]
[Site "Nairobi"]
[Date "2022.12.29"]
[Round "8"]
[White "Mwabu, Timothy"]
[Black "Thuku, Nephat Muchiri"]
[Result "1/2-1/2"]
[WhiteElo "1656"]
[BlackElo "1681"]
[PlyCount "62"]
[EventDate "2022.12.26"]
[EventType "swiss"]
[EventRounds "9"]
[EventCountry "KEN"]
[SourceTitle "EXT 2024"]
[Source "ChessBase"]
[SourceDate "2023.10.10"]
[SourceVersion "1"]
[SourceVersionDate "2023.10.10"]
[SourceQuality "1"]

1. d4 Nf6 2. Nf3 d5 3. c4 e6 4. Nc3 Be7 5. e3 0-0 6. Bd3 dxc4 7. Bxc4 a6 8. a3 b5 9. Bd3 Bb7 10. b4 a5 11. bxa5 b4 12. axb4 Bxb4 13. Bd2 c5 14. Nb5 Rxa5 15. Rb1 Bxf3 16. gxf3 Ra2 17. Bxb4 cxb4 18. Qb3 Qd5 19. Qxd5 Nxd5 20. Bc4 Ra5 21. Bxd5 exd5 22. Nd6 Nd7 23. 0-0 Ra6 24. Nf5 Rb8 25. Ne7+ Kf8 26. Nxd5 b3 27. Rfc1 g6 28. Kg2 Ra5 29. Nf4 Ke7 30. Rc3 Rg5+ 31. Kf1 Rgb5 1/2-1/2

[Event "KEN-ch"]
[Site "Nairobi"]
[Date "2022.12.27"]
[Round "3"]
[White "Atwoli, Joseph"]
[Black "Mwabu, Timothy"]
[Result "0-1"]
[WhiteElo "1914"]
[BlackElo "1656"]
[PlyCount "69"]
[EventDate "2022.12.26"]
[EventType "swiss"]
[EventRounds "9"]
[EventCountry "KEN"]
[SourceTitle "EXT 2024"]
[Source "ChessBase"]
[SourceDate "2023.10.10"]
[SourceVersion "1"]
[SourceVersionDate "2023.10.10"]
[SourceQuality "1"]

1. e4 c5 2. f4 g6 3. Nf3 Bg7 4. Nc3 Nc6 5. a3 e6 6. b4 b6 7. e5 Nh6 8. Ne4 0-0 9. c3 d5 10. Nd6 f6 11. d4 fxe5 12. fxe5 cxd4 13. cxd4 Rxf3 14. Bxh6 Rxf1+ 15. Rxf1 Qh4+ 16. g3 Qxh6 17. Qf3 Ba6 18. b5 Nxd4 19. Qf7+ Kh8 20. Rf4 Qxh2 21. Rxd4 Qg1+ 22. Ke2 Qxd4 23. Rc1 Qxe5+ 24. Kd1 Qd4+ 25. Ke1 Qe3+ 26. Kd1 Qd3+ 27. Ke1 Rf8 28. bxa6 Rxf7 29. Nxf7+ Kg8 30. Nd8 Qe3+ 31. Kd1 Bc3 32. Rxc3 Qxc3 33. Nxe6 Qd3+ 34. Kc1 Qe3+ 35. Kc2 0-1

[Event "KEN-ch"]
[Site "Nairobi"]
[Date "2022.12.27"]
[Round "4"]
[White "Mwabu, Timothy"]
[Black "Ndegwa, Jackson Kamau"]
[Result "0-1"]
[WhiteElo "1656"]
[BlackElo "1809"]
[PlyCount "58"]
[EventDate "2022.12.26"]
[EventType "swiss"]
[EventRounds "9"]
[EventCountry "KEN"]
[SourceTitle "EXT 2024"]
[Source "ChessBase"]
[SourceDate "2023.10.10"]
[SourceVersion "1"]
[SourceVersionDate "2023.10.10"]
[SourceQuality "1"]

1. Nf3 d5 2. d4 c5 3. e3 Nc6 4. c4 e6 5. a3 Nf6 6. Nc3 dxc4 7. Bxc4 cxd4 8. exd4 Be7 9. 0-0 0-0 10. Bg5 a6 11. Ba2 b5 12. Qd3 h6 13. Be3 Bb7 14. Rad1 Na5 15. Ne5 Rc8 16. Bb1 Nc4 17. Ng4 g6 18. Nxh6+ Kg7 19. Nxf7 Rxf7 20. Qxg6+ Kf8 21. Bh6+ Ke8 22. Bc1 Nxa3 23. bxa3 Rxc3 24. Bb2 Rb3 25. Ba2 Be4 26. Qg5 Rxb2 27. Bxe6 Bd5 28. Bxf7+ Kxf7 29. Rfe1 Rxf2 0-1

[Event "World Cup U18 Prel"]
[Site "Tornelo INT"]
[Date "2021.08.18"]
[Round "6"]
[White "Mwabu, Timothy"]
[Black "Mohamed, Anees M"]
[Result "0-1"]
[WhiteElo "1677"]
[BlackElo "2312"]
[PlyCount "196"]
[EventDate "2021.08.16"]
[EventType "swiss (rapid)"]
[EventRounds "10"]
[EventCountry "NET"]
[SourceTitle "CBM 203 Extra"]
[Source "ChessBase"]
[SourceDate "2021.09.30"]
[SourceVersion "1"]
[SourceVersionDate "2021.09.30"]
[SourceQuality "1"]

1. d4 Nf6 2. Nf3 e6 3. c4 d5 4. Nc3 Bb4 5. Qa4+ Nc6 6. e3 0-0 7. Bd3 a6 8. 0-0 dxc4 9. Bxc4 Qe7 10. Qc2 b5 11. Bd3 Bb7 12. Ne4 h6 13. Nxf6+ Qxf6 14. Be4 Na5 15. Bxb7 Nxb7 16. Qxc7 Rab8 17. Qe5 Qe7 18. Bd2 Bd6 19. Qe4 Rfd8 20. Rfc1 a5 21. Ne5 Bxe5 22. Qxe5 Rd6 23. Rc2 Rbd8 24. Rac1 Rd5 25. Qe4 Nd6 26. Qf3 Nc4 27. b3 Nxd2 28. Rxd2 e5 29. Qe4 Qa3 30. Rcd1 exd4 31. exd4 a4 32. bxa4 Qxa4 33. h3 Qa7 34. Qe3 Qd7 35. Qc3 Rc8 36. Qe3 Rc4 37. Rd3 Ra4 38. R3d2 b4 39. Re1 Ra8 40. Qe7 Qb5 41. Re5 Qc4 42. Qb7 Rdd8 43. Ree2 Rab8 44. Qa7 Rb5 45. Qe7 Rbd5 46. Qe4 Qc3 47. Qe3 Qc1+ 48. Kh2 Rg5 49. Qe7 Rgd5 50. Qe3 Qc7+ 51. Kg1 Kh7 52. Qe4+ g6 53. Qe7 R8d7 54. Qe4 Rg5 55. Qf3 Qc4 56. h4 Rf5 57. Qe3 Qc1+ 58. Kh2 Qc7+ 59. g3 Rfd5 60. Kg2 Qb7 61. Kh2 Qa8 62. Qe4 Qa3 63. Qe3 Qa6 64. Qe4 Rxd4 65. Rxd4 Rxd4 66. Qe7 Qc4 67. Qe3 Rd3 68. Qe7 h5 69. Qe4 Rd4 70. Qe7 Rd1 71. Qe4 Qc1 72. Re3 Rf1 73. Re2 Qc5 74. Qe3 Qd5 75. Qe4 Rxf2+ 76. Kg1 Qxe4 77. Rxe4 Rb2 78. Rc4 Kg7 79. Kf1 Kf6 80. Kg1 Kf5 81. Rf4+ Ke6 82. Rc4 f6 83. Re4+ Kd5 84. Rf4 Ke5 85. Rc4 Kd5 86. Rf4 f5 87. Kf1 Kc5 88. Ke1 Rxa2 89. Kd1 Rg2 90. Rf3 Kd4 91. Rb3 Kc4 92. Rf3 b3 93. Kc1 Kb4 94. Kb1 Ka3 95. Kc1 Rg1+ 96. Kd2 Ka2 97. Rf2 Rxg3 98. Ke2 b2 0-1

[Event "World Cup U18 Prel"]
[Site "Tornelo INT"]
[Date "2021.08.17"]
[Round "4"]
[White "Mwabu, Timothy"]
[Black "Vazquez, Facundo"]
[Result "0-1"]
[WhiteElo "1677"]
[BlackElo "2199"]
[PlyCount "94"]
[EventDate "2021.08.16"]
[EventType "swiss (rapid)"]
[EventRounds "10"]
[EventCountry "NET"]
[SourceTitle "CBM 203 Extra"]
[Source "ChessBase"]
[SourceDate "2021.09.30"]
[SourceVersion "1"]
[SourceVersionDate "2021.09.30"]
[SourceQuality "1"]

1. d4 Nf6 2. c4 g6 3. Nc3 Bg7 4. Bf4 d6 5. e3 b6 6. h3 Bb7 7. Nf3 Nbd7 8. Be2 0-0 9. 0-0 Ne4 10. Nxe4 Bxe4 11. Nd2 Bb7 12. Bf3 Qc8 13. Bxb7 Qxb7 14. Rb1 c5 15. Nf3 Rac8 16. d5 b5 17. b3 Nb6 18. Qe2 bxc4 19. bxc4 Qa6 20. Rfc1 Nxd5 21. Qc2 Nb4 22. Qe4 Rfe8 23. a3 Qxa3 24. Rf1 Qd3 25. Qb7 Qxc4 26. Qxa7 Qa6 27. Qd7 Qc6 28. Qg4 Nd5 29. Bg5 h6 30. Bh4 Nf6 31. Qc4 d5 32. Qe2 Ne4 33. Rbc1 e5 34. Nd2 Nd6 35. Rfd1 c4 36. e4 d4 37. f3 c3 38. Nb3 Qc4 39. Qxc4 Nxc4 40. Bf2 Bf8 41. Nxd4 exd4 42. Bxd4 Nb2 43. Rf1 Bc5 44. Bxc5 Rxc5 45. Rf2 Nd3 46. Rfc2 Nxc1 47. Rxc1 c2 0-1

[Event "World Cup U18 Prel"]
[Site "Tornelo INT"]
[Date "2021.08.16"]
[Round "1"]
[White "Makoveev, Ilya"]
[Black "Mwabu, Timothy"]
[Result "1-0"]
[WhiteElo "2306"]
[BlackElo "1677"]
[PlyCount "165"]
[EventDate "2021.08.16"]
[EventType "swiss (rapid)"]
[EventRounds "10"]
[EventCountry "NET"]
[SourceTitle "CBM 203 Extra"]
[Source "ChessBase"]
[SourceDate "2021.09.30"]
[SourceVersion "1"]
[SourceVersionDate "2021.09.30"]
[SourceQuality "1"]

1. e4 c5 2. Nf3 g6 3. c4 Nf6 4. e5 Ng8 5. b4 d6 6. exd6 Qxd6 7. Bb2 Nf6 8. bxc5 Qxc5 9. Be2 Bg7 10. 0-0 0-0 11. d4 Qb6 12. Ba3 Re8 13. Nc3 Qa5 14. Qb3 Bg4 15. h3 Bxf3 16. Bxf3 Nc6 17. Rad1 Rad8 18. d5 Ne5 19. Be2 Ned7 20. Bb4 Qb6 21. Qa3 Rc8 22. Bxe7 Nc5 23. d6 h5 24. Bf3 Nfd7 25. Rb1 Qa6 26. Qxa6 bxa6 27. Nd5 Rb8 28. Nc7 Rxb1 29. Rxb1 Rb8 30. Rd1 Rb2 31. Bc6 Rxa2 32. Bxd7 Nxd7 33. c5 Nxc5 34. d7 Nxd7 35. Rxd7 Ra1+ 36. Kh2 Be5+ 37. g3 Ra2 38. Kg2 a5 39. Nd5 Kg7 40. Bc5 Rd2 41. Nf6 Rc2 42. Ne8+ Kg8 43. Bd4 Bxd4 44. Rxd4 Rc8 45. Nd6 Rc6 46. Nb5 a6 47. Na3 Rb6 48. Ra4 Kg7 49. Rxa5 Rc6 50. Ra4 Re6 51. Nc2 Re2 52. Ne3 Rb2 53. Rxa6 Rb7 54. Ra4 Re7 55. Rf4 Re6 56. h4 Rd6 57. Kf3 Re6 58. Nc4 f6 59. Ne3 Rc6 60. Rc4 Re6 61. Nd5 g5 62. Rc7+ Kg6 63. Rc6 g4+ 64. Kf4 Rxc6 65. Ne7+ Kf7 66. Nxc6 Ke6 67. Nd4+ Kf7 68. Nf5 Kg6 69. Ne3 Kf7 70. Kf5 Kg7 71. Nd5 Kf7 72. Nxf6 Kg7 73. Nxh5+ Kf7 74. Kxg4 Kg8 75. Kg5 Kh8 76. Kg6 Kg8 77. f4 Kh8 78. f5 Kg8 79. f6 Kh8 80. Nf4 Kg8 81. Ne6 Kh8 82. g4 Kg8 83. f7+ 1-0

[Event "Africa-ch U16"]
[Site "Windhoek"]
[Date "2019.12.19"]
[Round "5.8"]
[White "Mwabu, Timothy"]
[Black "Gurirab, Kevin N"]
[Result "1-0"]
[WhiteElo "1645"]
[BlackElo "1534"]
[PlyCount "34"]
[EventDate "2019.12.16"]
[EventType "swiss"]
[EventRounds "9"]
[EventCountry "NAM"]
[SourceTitle "EXT 2024"]
[Source "ChessBase"]
[SourceDate "2023.10.10"]
[SourceVersion "1"]
[SourceVersionDate "2023.10.10"]
[SourceQuality "1"]

1. d4 Nf6 2. Nf3 g6 3. Bf4 Bg7 4. e3 0-0 5. c4 d5 6. Nc3 c5 7. Rc1 cxd4 8. exd4 Nc6 9. Be2 dxc4 10. Bxc4 Qb6 11. d5 Na5 12. Be2 Bf5 13. Na4 Qd8 14. Bc7 Qd7 15. Bxa5 b6 16. Bd2 Rac8 17. Nc3 Nxd5 1-0

[Event "World ol U16"]
[Site "Ahmedabad"]
[Date "2017.12.18"]
[Round "9.3"]
[White "Mwabu, Timothy"]
[Black "Tarigan, Gilbert Elroy"]
[Result "0-1"]
[WhiteElo "1468"]
[BlackElo "2091"]
[PlyCount "62"]
[EventDate "2017.12.11"]
[EventType "team-swiss"]
[EventRounds "9"]
[EventCountry "IND"]
[SourceTitle "CBM 182 Extra"]
[Source "ChessBase"]
[SourceDate "2018.02.23"]
[SourceVersion "1"]
[SourceVersionDate "2018.02.23"]
[SourceQuality "1"]
[WhiteTeam "Kenya II"]
[BlackTeam "Indonesia"]
[WhiteTeamCountry "KEN"]
[BlackTeamCountry "INA"]

1. d4 d5 2. c4 c6 3. Nf3 Nf6 4. e3 e6 5. Nc3 Nbd7 6. Bd3 dxc4 7. Bxc4 b5 8. Bd3 Bd6 9. 0-0 0-0 10. e4 e5 11. Bg5 a6 12. Qe2 h6 13. Bh4 exd4 14. Nxd4 Ne5 15. Bxf6 Qxf6 16. f4 Bc5 17. fxe5 Bxd4+ 18. Kh1 Qxe5 19. Rac1 Be6 20. a3 Rad8 21. Qf3 Rd7 22. Ne2 c5 23. Nxd4 Rxd4 24. Rfd1 Rfd8 25. Be2 Rxd1+ 26. Rxd1 Rxd1+ 27. Bxd1 Qxb2 28. h3 c4 29. Be2 c3 30. Bd3 c2 31. Bxc2 Qxc2 0-1

[Event "World ol U16"]
[Site "Ahmedabad"]
[Date "2017.12.14"]
[Round "5.3"]
[White "Ahmed, Jaza Jamal"]
[Black "Mwabu, Timothy"]
[Result "1-0"]
[WhiteElo "2037"]
[BlackElo "1468"]
[PlyCount "83"]
[EventDate "2017.12.11"]
[EventType "team-swiss"]
[EventRounds "9"]
[EventCountry "IND"]
[SourceTitle "CBM 182 Extra"]
[Source "ChessBase"]
[SourceDate "2018.02.23"]
[SourceVersion "1"]
[SourceVersionDate "2018.02.23"]
[SourceQuality "1"]
[WhiteTeam "Iraq"]
[BlackTeam "Kenya II"]
[WhiteTeamCountry "IRQ"]
[BlackTeamCountry "KEN"]

1. e4 c5 2. Nf3 d6 3. d4 cxd4 4. Nxd4 Nf6 5. Nc3 g6 6. g3 Bg7 7. Be3 Nc6 8. Qd2 0-0 9. Bc4 Bd7 10. Bb3 Rc8 11. 0-0-0 Ne5 12. h4 h5 13. g4 hxg4 14. h5 Nxh5 15. Rdg1 Qa5 16. Bh6 Rc5 17. Kb1 Rfc8 18. Bd5 Rxd5 19. Nxd5 Qxd2 20. Bxd2 Nc4 21. Bc3 Bxd4 22. Bxd4 Nd2+ 23. Kc1 Nf3 24. Nxe7+ Kf8 25. Nxc8 Nxg1 26. Rxg1 Bxc8 27. Bxa7 Ke7 28. Kd2 Nf6 29. Ke3 Bd7 30. Bd4 Nh5 31. e5 d5 32. b3 Bf5 33. c3 Kd7 34. a4 Kc6 35. b4 Kc7 36. b5 b6 37. a5 bxa5 38. b6+ Kb7 39. Ra1 Ka6 40. Rxa5+ Kb7 41. Ra7+ Kb8 42. Bc5 1-0